00595nam a2200169 a 450000500170000000800410001702000180005805000250007610000200010124500550012126000390017630000100021544000320022565000340025799900190029195201150031020140412111236.0010327s19uu xx 00 eng d a0-590-34534-6 aTR(GS 411bW158 1986 aWalling, Elaine aWriter's workshop :bapplying the writing process. aNew York :bScholastic Inc,c1986. a62 p. aA Scholastic Skills Book, F aWriting - Juvenile literature c102471d102471 001040aELbELcTRd2001-03-27eLib. Fundl0oTR(GS 411 W158 1986pE1833r2014-04-12 00:00:00w2014-04-12yBK